Generátor úloh pre úpravu výrazov

Guardado en:
Detalles Bibliográficos
Autor principal: Mifkovič, Dominik (Autor)
Otros Autores: Omachelová, Milada (Orientador)
Formato: Manuscrito Libro
Lenguaje:eslovaco
Publicado: 2024
Materias:
Acceso en línea:http://is.stuba.sk/zp/portal_zp.pl?podrobnosti=163605
Etiquetas: Agregar Etiqueta
Sin Etiquetas, Sea el primero en etiquetar este registro!

MARC

LEADER 00000ntm a22000003a 4500
001 stuzp96954
003 SK-STU
005 20240615210449.1
007 ta
008 150427s2015----xo-----f-mn---000-0-slo-d
040 |a STU  |b slo 
041 0 |a slo 
100 1 |a Mifkovič, Dominik  |u 070200  |4 aut  |U FIIT Fakulta informatiky a informačných technológií  |T FIIT Ústav informatiky, informačných systémov a softvérového inžinierstva  |X 111644  |U I200  |Y 179  |7 111644 
242 0 1 |a Generator for expression symplifying tasks  |y eng 
245 1 0 |a Generátor úloh pre úpravu výrazov 
260 |c 2024 
650 4 |a matematická úprava výrazov  |2 slo 
650 4 |a matematické princípy  |2 slo 
650 4 |a rôznorodosť úloh  |2 slo 
650 4 |a generátor úloh  |2 slo 
650 4 |a matematická správnosť  |2 slo 
650 4 |a vzdelávacie prostredie  |2 slo 
650 4 |a algoritmy  |2 slo 
650 4 |a mathematical expression modification  |2 eng 
650 4 |a learning environment  |2 eng 
650 4 |a task generator  |2 eng 
650 4 |a algorithms  |2 eng 
650 4 |a mathematical principles  |2 eng 
650 4 |a task diversity  |2 eng 
650 4 |a mathematical correctness  |2 eng 
700 1 |a Omachelová, Milada  |u 070200  |k Z1  |4 ths  |U FIIT Fakulta informatiky a informačných technológií  |T FIIT Ústav informatiky, informačných systémov a softvérového inžinierstva  |X 2272  |U I200  |Y 179  |7 A000002272 
856 4 |u http://is.stuba.sk/zp/portal_zp.pl?podrobnosti=163605